Účtovníctvo ako paradigma globalizácie súčasného ekonomického prostredia
Článok je zameraný na globalizáciu celosvetovej ekonomiky, využívajúc účtovníctvo ako paradigmu tohto procesu. Účtovníctvo ako nástroj, ktorý má eminentný význam pri odstraňovaní bariér v oblasti medzinárodných investícií a obchodu. Na druhej strane medzinárodné investície a obchod majú významný vpl...
Saved in:
| Main Author: | |
|---|---|
| Other Authors: | |
| Format: | Book Chapter |
| Language: | Slovak |
| Subjects: | |
| Tags: |
No Tags, Be the first to tag this record!
|
MARC
| LEADER | 00000naa$a2200000$$$4500 | ||
|---|---|---|---|
| 001 | 0024540 | ||
| 005 | 20240502071419.8 | ||
| 041 | 0 | |a slo | |
| 044 | |a SK | ||
| 245 | 1 | 0 | |a Účtovníctvo ako paradigma globalizácie súčasného ekonomického prostredia |c Miloš Tumpach, Karolína Vykusová |
| 520 | |a Článok je zameraný na globalizáciu celosvetovej ekonomiky, využívajúc účtovníctvo ako paradigmu tohto procesu. Účtovníctvo ako nástroj, ktorý má eminentný význam pri odstraňovaní bariér v oblasti medzinárodných investícií a obchodu. Na druhej strane medzinárodné investície a obchod majú významný vplyv na prípravu a prezentáciu účtovníckych informácií. Využívanie medzinárodných štandardov v účtovníctve a audítorstve. | ||
| 610 | 2 | 0 | |a účtovníctvo |
| 610 | 2 | 0 | |a globalizácia |
| 610 | 2 | 0 | |a prostredie ekonomické |
| 610 | 2 | 0 | |a investície zahraničné |
| 610 | 2 | 0 | |a obchod medzinárodný |
| 610 | 2 | 0 | |a štandardy účtovné medzinárodné |
| 100 | 1 | |a Tumpach, Miloš, 1970- | |
| 700 | 1 | |a Vykusová, Karolína | |